| 000 | 00675nam a22001937a 4500 | ||
|---|---|---|---|
| 005 | 20180830115525.0 | ||
| 010 | _aENG-123896 | ||
| 020 |
_c360.00 _a9788190983334 |
||
| 035 | _aEN-107428 | ||
| 037 | _bDBAD/PUB | ||
| 082 | _a371.071095413 | ||
| 100 | _aPandey, Anju Bali | ||
| 245 |
_aHistory of christian missionary schools in doon valley/ _cby Anju Bali Pandey |
||
| 260 |
_c2013 _aNew Delhi _bImage India Publihers and distributors |
||
| 270 |
_a4393/4-A, Murari Lal Street, Ansari Road, Daryaganj, _bNew Delhi _e110002 |
||
| 300 |
_c22cm.(Hb.) _a144p. _bill.(pictures) |
||
| 500 | _aIt includes bibliography | ||
| 942 |
_cEN _2ddc _mPAN _h371.071095413 |
||
| 999 |
_c156589 _d156589 |
||